| 000 | 01287cam a2200229 4500 | ||
|---|---|---|---|
| 001 | ABS66518 | ||
| 008 | 030324n2003 000 0 eng u | ||
| 035 | _a(Sirsi) u121710 | ||
| 100 | _aJames, N. | ||
| 245 | _aWhy soil needs safeguards | ||
| 260 | _c2003 | ||
| 490 |
_aPlanning (for the Natural and Built Environment) _v(1507) 21 February 2003, 15(1) |
||
| 520 | _aHighlights the importance of soil as a key environmental resource and looks at how the planning system can protect soil resources. Argues that soil often has a low profile despite its many functions. These include supporting habitats and biodiversity, acting as a carbon sink, working as a water filter and providing minerals and fuels. Emphasises the vulnerability of soils to pollution and outlines European and UK soil protection strategies. Also looks at current research led by Land Use Consultants into the role of the planning system in conserving and enhancing soils. The study is due for completion in autumn 2003 and will involve the preparation of planning guidance. | ||
| 590 | _aABS | ||
| 650 | _aPLANNING SYSTEM | ||
| 650 | _aSOIL PROTECTION | ||
| 650 | _aSOILS | ||
| 650 |
_aLand use _96251 |
||
| 650 | _aENVIRONMENTAL RESOURCES | ||
| 690 | _aENVIRONMENTAL AND LAND CONSULTANCY | ||
| 942 | _n0 | ||
| 999 |
_c72332 _d72332 |
||